ბათუმის შოთა რუსთაველის სახელმწიფო უნივერსიტეტის ბიბლიოთეკა

The cover letter book (ბიბ.ჩანაწერი № 51468)

000 -LEADER
fixed length control field 00616nam a2200241Ia 4500
001 - CONTROL NUMBER
control field 18454
003 - CONTROL NUMBER IDENTIFIER
control field GE_BSU
008 - FIXED-LENGTH DATA ELEMENTS--GENERAL INFORMATION
fixed length control field 181216s||||||||xx |||||||||||||| ||und||
020 ## - INTERNATIONAL STANDARD BOOK NUMBER
International Standard Book Number 9780273776666
040 ## - CATALOGING SOURCE
Transcribing agency GE_BSU
080 ## - UNIVERSAL DECIMAL CLASSIFICATION NUMBER
Universal Decimal Classification number 331
100 ## - MAIN ENTRY--PERSONAL NAME
Personal name Innes,James
245 #4 - TITLE STATEMENT
Title The cover letter book
245 ## - TITLE STATEMENT
Remainder of title Your definitive guide to writing the perfect cover letter
250 ## - EDITION STATEMENT
Edition statement Second edition
260 ## - PUBLICATION, DISTRIBUTION, ETC.
Place of publication, distribution, etc. Harlow
260 ## - PUBLICATION, DISTRIBUTION, ETC.
Name of publisher, distributor, etc. Pearson
260 ## - PUBLICATION, DISTRIBUTION, ETC.
Date of publication, distribution, etc. 2012
300 ## - PHYSICAL DESCRIPTION
Extent 246p. 24cm.
653 ## - INDEX TERM--UNCONTROLLED
Uncontrolled term The cover letter book
653 ## - INDEX TERM--UNCONTROLLED
Uncontrolled term Your definitive guide to writing the perfect cover letter
942 ## - ADDED ENTRY ELEMENTS (KOHA)
Koha item type წიგნი
ეგზემპლარები
Withdrawn status Lost status Damaged status Not for loan Date acquired Barcode Date last seen Price effective from Koha item type
        2018-12-17 47308 2018-12-17 2018-12-17 წიგნი